Essentials of Nursing Research and Biostatistics (Record no. 158315)
[ view plain ]
| 000 -LEADER | |
|---|---|
| fixed length control field | 00417nam a2200145Ia 4500 |
| 008 - FIXED-LENGTH DATA ELEMENTS--GENERAL INFORMATION | |
| fixed length control field | 230411s9999 xx 000 0 und d |
| 020 ## - INTERNATIONAL STANDARD BOOK NUMBER | |
| International Standard Book Number | 978-93-86322-03-6 |
| 041 ## - LANGUAGE CODE | |
| Language code of text/sound track or separate title | eng |
| 082 ## - DEWEY DECIMAL CLASSIFICATION NUMBER | |
| Classification number | R/610.724/DAS/B08925 |
| 100 ## - MAIN ENTRY--PERSONAL NAME | |
| Personal name | Dash Bijayalaskhmi |
| 245 ## - TITLE STATEMENT | |
| Title | Essentials of Nursing Research and Biostatistics |
| 260 ## - PUBLICATION, DISTRIBUTION, ETC. (IMPRINT) | |
| Name of publisher, distributor, etc. | Jaypee Brothers |
| Place of publication, distribution, etc. | New Delhi |
| Date of publication, distribution, etc. | 2017 |
| 300 ## - PHYSICAL DESCRIPTION | |
| Extent | 360p |
| Withdrawn status | Lost status | Damaged status | Not for loan | Collection code | Home library | Current library | Date acquired | Vendor | Cost, normal purchase price | Bill number | Total Checkouts | Full call number | Barcode | Date last seen | Cost, replacement price | Bill Date | Koha item type | Original Barcode | Shelving control number | Total Renewals | Date last checked out |
|---|---|---|---|---|---|---|---|---|---|---|---|---|---|---|---|---|---|---|---|---|---|
| Smt. Bakul Tambat Institute of Nursing Education | Smt. Bakul Tambat Institute of Nursing Education | 04/12/2018 | Jaypee Brothers Medical Publishers | 450.00 | MU/INV-I/18-00100 | R 610.724 DAS B08925 | BTIN-BK-8925 | 11/04/2023 | 306.00 | 04/12/2018 | Books | B08925 | |||||||||
| Smt. Bakul Tambat Institute of Nursing Education | Smt. Bakul Tambat Institute of Nursing Education | 21/12/2018 | Patil Medical Book House | 450.00 | MU/INV-I/18-00100 | 1 | R 610.724 DAS B09060 | BTIN-BK-9060 | 13/02/2026 | 306.00 | 04/12/2018 | Books | B09060 | 2 | 1 | 02/02/2026 |